| 000 | 01055nam a2200289 a 4500 | ||
|---|---|---|---|
| 001 | 000029997 | ||
| 003 | DO-SdBNP | ||
| 005 | 20250621074008.0 | ||
| 008 | 110428s2006 dr ab 000 e spa d | ||
| 040 |
_aDO-SdBNP _bspa _cBNPHU |
||
| 082 | 4 |
_a320.97293 _bP154e 2006 _222 |
|
| 100 | 1 |
_aPalamara Mieses, Battésimo A. _d1935- _922859 |
|
| 245 | 1 | 0 |
_aEnsayo histórico y cultural : _bciclo de conferencias / _cBattésimo A. Palamara Mieses. |
| 250 | _a3a. ed. | ||
| 260 |
_aSanto Domingo : _bKarabú, _c2006. |
||
| 300 |
_a124 p. : _bil., mapas ; _c22 cm. |
||
| 500 | _aIncluye datos biográficos del autor en la contra cubierta | ||
| 504 | _aBibliografía : p. 3 | ||
| 590 | _aInventariado, 2021/MFF | ||
| 651 | 0 |
_aRepública Dominicana _xPolítica y gobierno _945 |
|
| 651 | 4 |
_aRepública Dominicana _xRelaciones _zHaití _95153 |
|
| 651 | 4 |
_aHaití _xRelaciones _zRepública Dominicana _92614 |
|
| 651 | 4 |
_aRepública Dominicana _xHistoria _9170 |
|
| 651 | 4 |
_aItalia _xHistoria _980251 |
|
| 910 | _aValidado. Control de calidad MFF | ||
| 942 |
_2ddc _cLBS1 |
||
| 999 |
_c29489 _d29489 |
||